[Event "Baer Polgar Challenge"]
[Site "chess24.com INT"]
[Date "2021.04.11"]
[Round "16.9"]
[White "Liang, Awonder"]
[Black "Bjerre, Jonas Buhl"]
[Result "1-0"]
[WhiteTitle "GM"]
[BlackTitle "GM"]
[WhiteElo "2592"]
[BlackElo "2550"]
[WhiteFideId "2056437"]
[BlackFideId "1444948"]
[EventDate "2021.04.08"]

1. e4 c5 2. Nc3 d6 3. d4 cxd4 4. Qxd4 Nc6 5. Qd2 Nf6 6. b3 e6 7. Bb2 d5 8. exd5
exd5 9. O-O-O Be6 10. Nf3 Qa5 11. Kb1 Bb4 12. Qd3 O-O 13. Nd4 Rac8 14. Nxc6 Rxc6
15. Nb5 Rfc8 16. a3 Be7 17. b4 Qa4 18. Qb3 Qxb3 19. cxb3 Ne4 20. Bd4 Bf6 21. Bd3
Bxd4 22. Bxe4 Bxf2 23. Bxd5 Bxd5 24. Rxd5 g6 25. Rf1 Bb6 26. Rd7 a6 27. Nd6 Rf8
28. Nxf7 Be3 29. Rf3 Rc1+ 30. Kb2 Rfc8 31. Rd8+ Kg7 32. Rxc8 Rxc8 33. Rxe3 Kxf7
34. Rc3 Re8 35. Rc7+ Kf6 36. Rxb7 h5 37. Rc7 1-0

[Event "Baer Polgar Challenge"]
[Site "chess24.com INT"]
[Date "2021.04.11"]
[Round "16.10"]
[White "Yoo, Christopher Woojin"]
[Black "Shuvalova, Polina"]
[Result "1-0"]
[WhiteTitle "IM"]
[BlackTitle "IM"]
[WhiteElo "2455"]
[BlackElo "2476"]
[WhiteFideId "30909694"]
[BlackFideId "24171760"]
[EventDate "2021.04.08"]

1. d4 Nf6 2. Nf3 e6 3. c4 d5 4. Bg5 dxc4 5. Qa4+ Nbd7 6. Nc3 Be7 7. e4 O-O 8.
Qxc4 h6 9. Bf4 c5 10. dxc5 Bxc5 11. Be2 a6 12. e5 b5 13. Qd3 Nh7 14. O-O Bb7 15.
Rfd1 Nb6 16. Qc2 Qe7 17. Bd3 Ng5 18. Bxg5 hxg5 19. Be4 g4 20. Bxb7 Qxb7 21. Ng5
g6 22. Qe2 Nc4 23. Qxg4 Kg7 24. Nce4 Be7 25. Qh4 Rh8 26. Qf4 Bxg5 27. Nxg5 Rh5
28. Qf6+ Kg8 29. Rd8+ Rxd8 30. Qxd8+ Kg7 31. Qf6+ Kh6 32. Nxf7+ Kh7 33. Qh8# 1-0

[Event "Baer Polgar Challenge"]
[Site "chess24.com INT"]
[Date "2021.04.11"]
[Round "17.1"]
[White "Shuvalova, Polina"]
[Black "Zhu, Jiner"]
[Result "0-1"]
[WhiteTitle "IM"]
[BlackTitle "WGM"]
[WhiteElo "2476"]
[BlackElo "2459"]
[WhiteFideId "24171760"]
[BlackFideId "8608059"]
[EventDate "2021.04.08"]

1. c4 Nf6 2. Nc3 e6 3. e4 d5 4. cxd5 exd5 5. e5 Ne4 6. Nf3 Bf5 7. Be2 c5 8. d4
Nc6 9. O-O c4 10. Nxe4 dxe4 11. Ng5 h6 12. Nxf7 Kxf7 13. Bxc4+ Kg6 14. Be3 Kh7
15. a3 Be7 16. b4 a6 17. Rc1 Rf8 18. Qd2 Bg5 19. Qb2 Bxe3 20. fxe3 Qe7 21. Bd5
Rac8 22. Rxf5 Rxf5 23. Bxe4 Qg5 24. Bxf5+ Qxf5 25. d5 Ne7 26. Rxc8 Nxc8 27. Qd4
Ne7 28. h3 Qb1+ 29. Kh2 Qf5 30. a4 Kg8 31. b5 axb5 32. axb5 Ng6 33. e6 Qe5+ 34.
Qxe5 Nxe5 35. Kg3 Kf8 36. Kf4 Nc4 37. e4 Ke7 38. e5 Na3 39. Kf5 Nxb5 40. h4 h5
41. g3 b6 42. g4 hxg4 43. Kxg4 Nc3 44. d6+ Kxe6 45. Kg5 b5 46. Kg6 b4 47. Kxg7
b3 48. d7 Kxd7 49. h5 b2 50. h6 b1=Q 51. h7 Qg1+ 52. Kf7 Qh2 53. Kg8 Qg3+ 54.
Kf7 Qf4+ 55. Kg8 Qg5+ 56. Kf7 Qf5+ 57. Kg7 Qg5+ 58. Kf7 Qh6 59. e6+ Kd6 60. Kg8
Qg6+ 61. Kh8 Nd5 62. e7 Qf6+ 63. Kg8 Nxe7# 0-1

[Event "Baer Polgar Challenge"]
[Site "chess24.com INT"]
[Date "2021.04.11"]
[Round "17.5"]
[White "Mendonca, Leon Luke"]
[Black "Salimova, Nurgyul"]
[Result "1-0"]
[WhiteTitle "IM"]
[BlackTitle "IM"]
[WhiteElo "2549"]
[BlackElo "2397"]
[WhiteFideId "35028561"]
[BlackFideId "2915138"]
[EventDate "2021.04.08"]

1. d4 Nf6 2. c4 e6 3. Nc3 d5 4. Nf3 dxc4 5. e4 b5 6. e5 Nd5 7. Nxb5 Nb6 8. Be2
Be7 9. O-O Nc6 10. Be3 Bb7 11. b3 cxb3 12. axb3 a6 13. Nc3 Nb4 14. Qb1 O-O 15.
Rc1 N6d5 16. Ne4 Nxe3 17. fxe3 Nd5 18. Kf2 f6 19. exf6 gxf6 20. Nc5 Bxc5 21.
dxc5 Qe8 22. Ra4 Rf7 23. Rh4 Rg7 24. g3 Rd8 25. Qb2 Qf7 26. Rd1 Re8 27. e4 Ne7
28. Rd7 Qg6 29. Qd4 Nc6 30. Rxg7+ Qxg7 31. Qe3 Ne7 32. Nd4 Ng6 33. Rh5 Qe7 34.
Bc4 Bc8 35. Qh6 Qg7 36. Qxg7+ Kxg7 37. Nf3 Rd8 38. e5 fxe5 39. Nxe5 Rd2+ 40. Ke3
Rd1 41. Nf3 Bb7 42. Be2 Rb1 43. Bc4 Ne7 44. Nd4 Nd5+ 45. Kd2 Nb4 46. Nxe6+ Kf6
47. Nxc7 a5 48. Rxh7 Rb2+ 49. Ke3 Bg2 50. Nb5 Nc2+ 51. Kf4 Nb4 52. Nd6 Rf2+ 53.
Kg4 Bf3+ 54. Kh3 Kg6 55. Rf7 Bg2+ 56. Kh4 Bf3 57. h3 Nc6 58. Bd5 Ne5 59. Rf4 Kh6
60. Nf7+ Nxf7 61. Rxf7 Bxd5 62. Rxf2 1-0

[Event "Baer Polgar Challenge"]
[Site "chess24.com INT"]
[Date "2021.04.11"]
[Round "17.6"]
[White "Abdumalik, Zhansaya"]
[Black "Praggnanandhaa, R"]
[Result "0-1"]
[WhiteTitle "IM"]
[BlackTitle "GM"]
[WhiteElo "2472"]
[BlackElo "2608"]
[WhiteFideId "13703544"]
[BlackFideId "25059530"]
[EventDate "2021.04.08"]

1. e4 c5 2. Nf3 Nc6 3. d4 cxd4 4. Nxd4 Nf6 5. Nc3 d6 6. Bg5 e6 7. Qd2 a6 8.
O-O-O Be7 9. f3 Nxd4 10. Qxd4 O-O 11. Kb1 b5 12. h4 Bb7 13. g4 Rc8 14. h5 Nxe4
15. Nxe4 Bxg5 16. Qxd6 Bf4 17. Qxd8 Rfxd8 18. Rxd8+ Rxd8 19. Bd3 Rc8 20. Rf1 g6
21. a3 Kg7 22. b4 Rc7 23. Nc5 Bc8 24. hxg6 hxg6 25. Kb2 Bd6 26. Ne4 Be5+ 27. c3
f5 28. Nc5 Bd6 29. Nb3 Kf6 30. Rh1 Bb7 31. Rh3 Bd5 32. Nd4 Be5 33. Ne2 fxg4 34.
fxg4 Kg5 35. Re3 Bf4 36. Rh3 e5 37. Rh8 e4 38. Rd8 Bb7 39. Bc2 Be5 40. Rg8 Re7
41. a4 Bd5 42. Rd8 Bc4 43. Nc1 Bf4 44. axb5 axb5 45. Nb3 e3 46. Nd4 e2 47. Rf8
Bd5 48. Nxe2 Rxe2 49. Rd8 Be4 0-1

[Event "Baer Polgar Challenge"]
[Site "chess24.com INT"]
[Date "2021.04.11"]
[Round "17.8"]
[White "Abdusattorov, Nodirbek"]
[Black "Lei, Tingjie"]
[Result "0-1"]
[WhiteTitle "GM"]
[BlackTitle "GM"]
[WhiteElo "2627"]
[BlackElo "2505"]
[WhiteFideId "14204118"]
[BlackFideId "8605114"]
[EventDate "2021.04.08"]

1. e4 e5 2. Nf3 Nc6 3. Bc4 Bc5 4. c3 Nf6 5. d3 d6 6. Bb3 h6 7. Nbd2 a5 8. h3 Bd7
9. Nf1 Ne7 10. Ng3 Ng6 11. O-O a4 12. Bc2 O-O 13. d4 Ba7 14. Be3 b5 15. Qd2 Re8
16. Rad1 Qe7 17. Rfe1 Be6 18. b3 axb3 19. axb3 Rad8 20. Ra1 Bb6 21. d5 Bxe3 22.
Qxe3 Bd7 23. Ra7 Rc8 24. Bd3 Nf4 25. Bf1 Qf8 26. Rea1 c6 27. Rxd7 Nxd7 28. dxc6
Rxc6 29. Bxb5 Rc7 30. Ra7 Rec8 31. Bxd7 Rxc3 32. Qb6 Rb8 33. Rb7 Rxb7 34. Qxb7
Qd8 35. Bc6 Nxh3+ 36. gxh3 Rxf3 37. Kg2 Qf6 38. Nf5 Rc3 39. Qe7 Qxe7 40. Nxe7+
Kf8 41. Nd5 Rxc6 42. b4 Rc4 43. Kf3 f5 44. exf5 Rd4 45. Nc7 Rxb4 46. Kg3 Kf7 47.
f3 Rf4 48. Nb5 Ke7 0-1

[Event "Baer Polgar Challenge"]
[Site "chess24.com INT"]
[Date "2021.04.11"]
[Round "17.10"]
[White "Mammadzada, Gunay"]
[Black "Nihal, Sarin"]
[Result "0-1"]
[WhiteTitle "IM"]
[BlackTitle "GM"]
[WhiteElo "2443"]
[BlackElo "2620"]
[WhiteFideId "13403729"]
[BlackFideId "25092340"]
[EventDate "2021.04.08"]

1. e4 e5 2. Nf3 Nc6 3. Bb5 a6 4. Ba4 Bc5 5. O-O d6 6. h3 Ne7 7. c3 O-O 8. d4 Ba7
9. Bg5 f6 10. Be3 Kh8 11. Nbd2 Bd7 12. Re1 Be8 13. d5 Nb8 14. Bxe8 Qxe8 15. Qb3
Bxe3 16. Rxe3 Ra7 17. c4 Nd7 18. Qc3 h6 19. Re2 Ra8 20. Rc1 a5 21. b3 f5 22.
exf5 Nxf5 23. Ne4 b6 24. a3 Qg6 25. Kh2 Nf6 26. Ng3 Nxg3 27. fxg3 Kg8 28. Qe3
Rf7 29. g4 Raf8 30. b4 axb4 31. axb4 b5 32. Nh4 Nxg4+ 33. hxg4 Qxg4 34. g3 g5
35. Ng2 Rf1 36. Rxf1 Rxf1 37. Rf2 Qh5+ 38. Nh4 Rxf2+ 39. Qxf2 gxh4 40. cxb5
hxg3+ 41. Kxg3 Qg5+ 42. Kh3 Kg7 43. Qa7 Qf5+ 44. Kh2 Qf4+ 45. Kh3 Qf7 46. Qb7 e4
47. Qc6 Kg6 48. b6 Qf3+ 49. Kh2 Qf2+ 50. Kh3 Qe3+ 51. Kg2 Qxb6 52. Qe8+ Kf5 53.
Qe6+ Kf4 54. Qf6+ Ke3 55. Qxh6+ Kd3 56. Qh7 Qxb4 57. Qxc7 e3 58. Qh7+ Qe4+ 0-1

[Event "Baer Polgar Challenge"]
[Site "chess24.com INT"]
[Date "2021.04.11"]
[Round "18.1"]
[White "Zhu, Jiner"]
[Black "Nihal, Sarin"]
[Result "0-1"]
[WhiteTitle "WGM"]
[BlackTitle "GM"]
[WhiteElo "2459"]
[BlackElo "2620"]
[WhiteFideId "8608059"]
[BlackFideId "25092340"]
[EventDate "2021.04.08"]

1. e4 e5 2. Nf3 Nc6 3. Bb5 a6 4. Ba4 Bc5 5. O-O d6 6. c3 Ba7 7. h3 Ne7 8. d4 O-O
9. Bg5 f6 10. Be3 Kh8 11. Bb3 Bd7 12. Re1 Be8 13. Nbd2 Bh5 14. g4 Bg6 15. Be6 d5
16. exd5 Nxd5 17. Bxd5 Qxd5 18. c4 Qd7 19. d5 Ne7 20. Bxa7 Rxa7 21. Nh4 Raa8 22.
Qe2 c6 23. dxc6 Qxc6 24. Rad1 Rad8 25. Nxg6+ Nxg6 26. Qe4 Qb6 27. Nb3 Nf4 28. c5
Qb5 29. Kh2 a5 30. Rd6 Rxd6 31. cxd6 Qb6 32. Qe3 Qxd6 33. Nxa5 Qd5 0-1

[Event "Baer Polgar Challenge"]
[Site "chess24.com INT"]
[Date "2021.04.11"]
[Round "18.4"]
[White "Yip, Carissa"]
[Black "Abdusattorov, Nodirbek"]
[Result "0-1"]
[WhiteTitle "IM"]
[BlackTitle "GM"]
[WhiteElo "2430"]
[BlackElo "2627"]
[WhiteFideId "2090732"]
[BlackFideId "14204118"]
[EventDate "2021.04.08"]

1. e4 c6 2. d4 d5 3. Nd2 dxe4 4. Nxe4 Bf5 5. Ng3 Bg6 6. Nf3 Nd7 7. h4 h6 8. h5
Bh7 9. Bd3 Bxd3 10. Qxd3 e6 11. Bd2 Ngf6 12. O-O-O Be7 13. Kb1 O-O 14. Ne4 c5
15. dxc5 Nxc5 16. Nxc5 Bxc5 17. Qe2 Qb6 18. c4 Ng4 19. Rhf1 Nxf2 20. Rde1 Rad8
21. Bc3 Rfe8 22. g4 Rd3 23. Bxg7 Kxg7 24. g5 e5 25. gxh6+ Qxh6 26. Rg1+ Kf8 27.
Nxe5 Re7 28. Qc2 Rd2 29. Qf5 Qb6 30. Qc8+ Rd8 31. Qf5 Nd3 32. Nxd3 Bxg1 33. Rxe7
Kxe7 34. h6 Qxh6 35. Qe5+ Kf8 0-1

[Event "Baer Polgar Challenge"]
[Site "chess24.com INT"]
[Date "2021.04.11"]
[Round "18.5"]
[White "Praggnanandhaa, R"]
[Black "Khademalsharieh, Sarasadat"]
[Result "1-0"]
[WhiteTitle "GM"]
[BlackTitle "IM"]
[WhiteElo "2608"]
[BlackElo "2494"]
[WhiteFideId "25059530"]
[BlackFideId "12512214"]
[EventDate "2021.04.08"]

1. Nf3 d5 2. g3 g6 3. Bg2 c6 4. d4 Nd7 5. b3 Nh6 6. O-O Nf5 7. Bb2 Bg7 8. c4 O-O
9. cxd5 cxd5 10. Nc3 Nf6 11. Ne5 Be6 12. Na4 Nd7 13. Qd2 Rc8 14. Rac1 Rxc1 15.
Rxc1 Nxe5 16. dxe5 b6 17. e3 Qb8 18. f4 h5 19. Nc3 Rd8 20. Nb5 Bd7 21. Nd4 Nxd4
22. exd4 e6 23. Ba3 Rc8 24. Bf1 Rxc1 25. Qxc1 Bf8 26. Bxf8 Qxf8 27. Qc7 Qb4 28.
Qxd7 Qxd4+ 29. Kg2 Qe4+ 30. Kf2 Qd4+ 31. Ke2 Qb2+ 32. Kf3 Qc3+ 33. Kg2 Qc2+ 34.
Kg1 Qc5+ 35. Kg2 Qc2+ 36. Kg1 Qc5+ 37. Kh1 a6 38. Qb7 a5 39. Qa6 Qc1 40. Qd3 Qb2
41. a4 Qc1 42. Kg2 g5 43. fxg5 Qxg5 44. Qd4 Qc1 45. Qxb6 Qb2+ 46. Kg1 Qxe5 47.
Qc5 Qb2 48. Qe3 d4 49. Qg5+ Kf8 50. Qxa5 h4 51. Qd8+ Kg7 52. Qg5+ Kf8 53. Qxh4
Qd2 54. Qe4 Qb4 55. Qd3 e5 56. Qb5 Qe1 57. Qe2 Qa5 58. Bg2 Qc5 59. Qc4 Qa3 60.
Be4 Qa1+ 61. Kg2 Qe1 62. Qc2 1-0

[Event "Baer Polgar Challenge"]
[Site "chess24.com INT"]
[Date "2021.04.11"]
[Round "19.4"]
[White "Mendonca, Leon Luke"]
[Black "Liang, Awonder"]
[Result "1/2-1/2"]
[WhiteTitle "IM"]
[BlackTitle "GM"]
[WhiteElo "2549"]
[BlackElo "2592"]
[WhiteFideId "35028561"]
[BlackFideId "2056437"]
[EventDate "2021.04.08"]

1. Nf3 Nf6 2. g3 d5 3. Bg2 Nc6 4. d3 e5 5. a3 Be6 6. b4 Bd6 7. Bb2 a6 8. Nbd2
Qd7 9. c4 d4 10. O-O Bh3 11. c5 Bxg2 12. Kxg2 Be7 13. Nc4 Qe6 14. Re1 e4 15.
Nxd4 Nxd4 16. Bxd4 O-O-O 17. e3 h5 18. h3 Nh7 19. h4 Bf6 20. Rc1 g5 21. dxe4
gxh4 22. Qf3 Bxd4 23. exd4 Rxd4 24. Qf5 Qxf5 25. exf5 hxg3 26. fxg3 Ng5 27. Red1
Rhd8 28. Rxd4 Rxd4 29. Rc2 f6 30. Na5 Rg4 31. c6 b6 32. Re2 Ne4 33. Nc4 Kb8 34.
Ne3 Rxg3+ 35. Kh2 Rf3 36. Kg2 Rf4 37. Nd5 Rxf5 38. Nxb6 Rg5+ 39. Kh2 cxb6 40.
Rxe4 Re5 41. Rf4 f5 42. Rh4 Kc7 43. Rxh5 Kxc6 44. Kg2 Kb5 45. Kf2 Ka4 46. Rh6
Rb5 47. Rh3 a5 48. bxa5 Rxa5 49. Ke2 Rd5 50. Rf3 b5 51. Ke1 Ka5 52. Ke2 Kb6 53.
Rc3 Rd4 54. Ke3 Rc4 55. Rb3 Kc5 56. Kf3 Rd4 57. Kf2 Kb6 58. Rf3 f4 59. Ke2 Ka5
60. Rb3 Re4+ 61. Kd2 Ka4 62. Rf3 Rd4+ 63. Kc2 Ka5 64. Kc3 Re4 65. Kd2 Kb6 66.
Rc3 Rc4 67. Rb3 Kc5 68. Ke2 Re4+ 69. Kd2 Kb6 70. Rf3 Ka5 71. Rb3 Re6 72. Rb4 f3
73. Rf4 Re2+ 74. Kc3 Rf2 75. Rf6 Rf1 76. Kb2 Rf2+ 77. Kb3 Rf1 78. Kb2 Rf2+ 79.
Kb3 Rf1 80. Kb2 1/2-1/2

[Event "Baer Polgar Challenge"]
[Site "chess24.com INT"]
[Date "2021.04.11"]
[Round "19.7"]
[White "Abdusattorov, Nodirbek"]
[Black "Praggnanandhaa, R"]
[Result "1/2-1/2"]
[WhiteTitle "GM"]
[BlackTitle "GM"]
[WhiteElo "2627"]
[BlackElo "2608"]
[WhiteFideId "14204118"]
[BlackFideId "25059530"]
[EventDate "2021.04.08"]

1. e4 c5 2. Nc3 Nc6 3. Bb5 Nd4 4. Bc4 e6 5. Nf3 Nf6 6. O-O a6 7. a4 d5 8. exd5
exd5 9. Re1+ Be7 10. Be2 O-O 11. d3 h6 12. Bf4 Bd6 13. Bg3 Bxg3 14. hxg3 Re8 15.
Nxd4 cxd4 16. Nb1 Qb6 17. Ra2 Bd7 18. a5 Qb4 19. Qd2 Qc5 20. Na3 Re7 21. Raa1
Rae8 22. Bf3 Bg4 23. Rxe7 Qxe7 24. Kf1 Bxf3 25. gxf3 Nd7 26. Kg2 Nb8 27. c4 dxc3
28. Qxc3 Nc6 29. Nc2 Qd6 30. Nd4 Nxd4 31. Qxd4 Qc6 32. Rh1 Re2 33. Rh5 Qc1 34.
Rxd5 Qxb2 35. Qc5 Re8 36. Rd7 Qb3 37. Qc7 Re1 38. Rd8+ Kh7 39. Qc8 Qe6 40. Rh8+
Kg6 41. Qxb7 Qe2 42. Qe4+ Qxe4 43. dxe4 Ra1 44. Rb8 Rxa5 45. Rb6+ f6 46. f4 Kf7
47. Rb7+ Kg6 48. Ra7 h5 49. Kh3 Kh6 50. f5 Ra4 51. f3 Ra2 52. Ra8 Kh7 53. Ra7
Kh6 54. Ra8 Kh7 55. g4 hxg4+ 56. Kxg4 a5 57. f4 Ra4 58. Kf3 Ra3+ 59. Kf2 Ra2+
60. Ke3 Ra3+ 61. Kd4 Rf3 62. Rxa5 Rxf4 63. Ke3 Rh4 64. Ra7 Rh3+ 65. Kf4 Rh4+ 66.
Kf3 Rh3+ 67. Kg4 Re3 68. Kf4 Re1 69. Ra8 Re2 70. Kf3 Rb2 71. Ra1 Rb3+ 72. Kf4
Rb4 73. Rh1+ Kg8 74. Rc1 Kh7 75. Rc7 Ra4 76. Rb7 Rc4 77. Ra7 Rb4 78. Rc7 Ra4 79.
Rb7 Rc4 80. Ra7 Rb4 81. Rc7 1/2-1/2

[Event "Baer Polgar Challenge"]
[Site "chess24.com INT"]
[Date "2021.04.11"]
[Round "19.10"]
[White "Nihal, Sarin"]
[Black "Badelka, Olga"]
[Result "1-0"]
[WhiteTitle "GM"]
[BlackTitle "IM"]
[WhiteElo "2620"]
[BlackElo "2433"]
[WhiteFideId "25092340"]
[BlackFideId "13509926"]
[EventDate "2021.04.08"]

1. d4 Nf6 2. Bf4 e6 3. e3 d5 4. Nd2 Bd6 5. Bg3 O-O 6. Ngf3 c5 7. c3 b6 8. Ne5
Bb7 9. Bd3 Nc6 10. O-O Ne7 11. Bh4 Ne4 12. Bxe4 dxe4 13. Nec4 Bc7 14. dxc5 bxc5
15. Qc2 Re8 16. Rfd1 Qd5 17. b3 Qh5 18. Bg3 Bxg3 19. hxg3 Rad8 20. Nf1 Nf5 21.
Nh2 Rxd1+ 22. Rxd1 Qg5 23. g4 Nh6 24. Nd6 Rb8 25. Nxb7 Rxb7 26. Qxe4 Rb8 27. Rd7
Kh8 28. Rxa7 f5 29. gxf5 exf5 30. Qf4 Qd8 31. Nf1 Rc8 32. Qe5 Qg5 33. Re7 Rf8
34. Re8 Rxe8 35. Qxe8+ Ng8 36. a4 h5 37. a5 h4 38. a6 h3 39. Ng3 f4 40. Qh5+ 1-0